00858cam a22002535a 450000100100000000500170001000800410002702000150006804000260008304300120010908200230012110000190014424500880016326000460025130000290029750400510032665000530037765100100043065300180044070000180045894200080047699900170048495201030050100777475320180522120810.0040420s1986 enka frb 001 0 eng d a0063183366 aUkcUkbengdEG-ScBUE ae-uk---04a301.36309222bLAW1 aLawless, Paul.10aUrban growth and change in Britain :ban introduction /cPaul Lawless, Frank Brown. aLondon :bHarper & Row Publishers,c1986. a247 p. :bill. ;c24 cm. aIncludes bibliographical references and index. 72BUEshaCities and townszGreat BritainxHistory. 2BUEsh bGGENcMay20181 aBrown, Frank. 2ddc c26767d26739 00102ddc4070aMAINbMAINc1STd2018-05-22l0o301.36309 LAWp000047816r2025-07-15 00:00:00yBB